Administración financiera básica (Registro nro. 2504)

Detalles MARC
000 -LEADER
fixed length control field 01019 a2200193 4500
001 - CONTROL NUMBER
control field 34884
005 - DATE AND TIME OF LATEST TRANSACTION
control field 20260407155634.0
008 - FIXED-LENGTH DATA ELEMENTS--GENERAL INFORMATION
fixed length control field 260407a1970 arg spa d
003 - CONTROL NUMBER IDENTIFIER
control field AR-UNSa-BCEJYS
040 ## - CATALOGING SOURCE
Original cataloging agency AR-UNSa-BCEJYS
Language of cataloging spa
Transcribing agency AR-UNSa-BCEJYS
080 ## - UNIVERSAL DECIMAL CLASSIFICATION NUMBER
Universal Decimal Classification number 658.15
Common auxiliary subdivision Administración financiera privada. Gestión financiera de empresas<br/>
100 1# - MAIN ENTRY--PERSONAL NAME
Personal name Symonds, Curtis W.
245 10 - TITLE STATEMENT
Title Administración financiera básica
264 #1 - PRODUCTION, PUBLICATION, DISTRIBUTION, MANUFACTURE, AND COPYRIGHT NOTICE
Place of production, publication, distribution, manufacture México :
Name of producer, publisher, distributor, manufacturer Editora Técnica
Date of production, publication, distribution, manufacture, or copyright notice 1970
300 ## - PHYSICAL DESCRIPTION
Extent 175 p.
Dimensions 22 cm.
505 ## - FORMATTED CONTENTS NOTE
Formatted contents note 1. Prólogo - 2. El papel que desempeña la administración financiera - 3. Naturaleza de capital invertido - 4. Costo del capital - 5. Medición del rendimiento sobre el capital - 6. Medición del rendimiento sobre el capital - 7. Administración de rendimiento sobre el capital - 8. Admistración de la rotación - 9. Administración de las utilidades - 10. Necesidad de controles financieros equilibrados - 11. Medición de los resultados.
590 ## - LOCAL NOTE (RLIN)
Local note niveau_biblio:m niveau_hierar:0
942 ## - ADDED ENTRY ELEMENTS (KOHA)
Koha item type
Existencias
Withdrawn status Lost status Damaged status Not for loan Home library Current library Shelving location Date acquired Total checkouts Full call number Barcode Date last seen Price effective from Koha item type
        Biblioteca Prof. Eusebio Cleto del Rey Biblioteca Prof. Eusebio Cleto del Rey   07/04/2026   658.15 S988 L22129 07/04/2026 07/04/2026 Libro